[Event "ZMD Open"]
[Site "Dresden"]
[Date "????.??.??"]
[Round "?"]
[White "Firman, N."]
[Black "Ghaem Maghami, E."]
[Result "0-1"]
[WhiteElo "2517"]
[BlackElo "2610"]
[PlyCount "134"]
[EventDate "2007.07.??"]
[EventType "swiss"]

1. e4 c5 2. Nf3 d6 3. d4 cxd4 4. Nxd4 Nf6 5. Nc3 a6 6. f4 Qc7 7. f5 b5 8. Bd3
Bb7 9. Qe2 Nbd7 10. O-O g6 11. Kh1 Bg7 12. Nf3 O-O 13. Bg5 b4 14. Nd1 Nc5 15.
Nf2 Rac8 16. Qe3 gxf5 17. exf5 Nd5 18. Qe1 Bxb2 19. Rb1 Bc3 20. Qc1 Kh8 21. Bh6
Rg8 22. Ng5 Rxg5 23. Bxg5 Rg8 24. Ne4 f6 25. Bh4 Be5 26. Bg3 Nxe4 27. Bxe4 Nc3
28. Bxb7 Qxb7 29. Rb3 Bxg3 30. hxg3 Rxg3 31. Rf2 a5 32. Qf4 Rg5 33. Qd4 Qc6 34.
a3 Qc5 35. Qxc5 dxc5 36. Rf3 Kg7 37. g3 a4 38. Rbxc3 bxc3 39. Kg2 Kf7 40. Rf4
h5 41. Rxa4 Rxf5 42. Rc4 Rd5 43. Rxc3 Ke6 44. Kh3 f5 45. a4 Kd6 46. a5 Rd4 47.
Ra3 Kc7 48. a6 Kb8 49. Rb3+ Ka7 50. Rb7+ Kxa6 51. Rxe7 f4 52. Re5 Kb5 53. Rxh5
fxg3 54. Kxg3 Rd2 55. c3 Rc2 56. Kf3 Kc4 57. Ke3 Rxc3+ 58. Kd2 Kb3 59. Rh8 Rc2+
60. Kd1 c4 61. Rc8 Kb2 62. Rc7 Rc1+ 63. Ke2 c3 64. Rb7+ Kc2 65. Rb8 Rb1 66. Rc8
Rb7 67. Re8 Kb1 0-1

[Event "ZMD Open"]
[Site "Dresden"]
[Date "????.??.??"]
[Round "?"]
[White "Malakhatko, V."]
[Black "Kovalev, A."]
[Result "1/2-1/2"]
[WhiteElo "2590"]
[BlackElo "2564"]
[PlyCount "32"]
[EventDate "2007.07.??"]
[EventType "swiss"]

1. d4 d6 2. Nf3 Nf6 3. c4 g6 4. Nc3 Bg7 5. e4 O-O 6. Be2 e5 7. O-O Nbd7 8. Re1
c6 9. Bf1 h6 10. Rb1 Nh7 11. dxe5 dxe5 12. b4 Ng5 13. Nxg5 hxg5 14. c5 Qe7 15.
Qd2 g4 16. Nd1 a5 1/2-1/2

[Event "ZMD Open"]
[Site "Dresden"]
[Date "????.??.??"]
[Round "?"]
[White "Naumann, A."]
[Black "Markowski, T."]
[Result "1/2-1/2"]
[WhiteElo "2550"]
[BlackElo "2573"]
[PlyCount "54"]
[EventDate "2007.07.??"]
[EventType "swiss"]

1. e4 d6 2. d4 Nf6 3. Nc3 e5 4. dxe5 dxe5 5. Qxd8+ Kxd8 6. Bg5 c6 7. Bc4 Ke8 8.
Nf3 Nbd7 9. O-O-O Be7 10. Bh4 Bd8 11. Bg3 Bc7 12. a3 b5 13. Ba2 h6 14. h3 Ke7
15. Ne1 a5 16. Nd3 Re8 17. f3 Kf8 18. Bf2 Bb6 19. Bxb6 Nxb6 20. Nc5 Ke7 21. Rd2
Nfd7 22. Nxd7 Bxd7 23. Rhd1 Red8 24. Rd6 Nc8 25. R6d2 Nb6 26. Rd6 Nc8 27. R6d2
Nb6 1/2-1/2

[Event "ZMD Open"]
[Site "Dresden"]
[Date "????.??.??"]
[Round "?"]
[White "Savchenko, S."]
[Black "Ovsejevitsch, S."]
[Result "1/2-1/2"]
[WhiteElo "2571"]
[BlackElo "2568"]
[PlyCount "23"]
[EventDate "2007.07.??"]
[EventType "swiss"]

1. d4 Nf6 2. c4 e6 3. Nf3 b6 4. g3 Bb7 5. Bg2 Be7 6. O-O O-O 7. Nc3 Ne4 8. Nxe4
Bxe4 9. Ne1 Bxg2 10. Nxg2 d5 11. Qa4 Bf6 12. Be3 1/2-1/2

[Event "ZMD Open"]
[Site "Dresden"]
[Date "????.??.??"]
[Round "?"]
[White "Böhnisch, M."]
[Black "Epishin, V."]
[Result "0-1"]
[WhiteElo "2346"]
[BlackElo "2587"]
[PlyCount "65"]
[EventDate "2007.07.??"]
[EventType "swiss"]

1. e4 c5 2. Nf3 Nc6 3. Bb5 d6 4. Bxc6+ bxc6 5. O-O e5 6. c3 Nf6 7. d4 Nd7 8.
dxe5 dxe5 9. Bg5 f6 10. Be3 Nb6 11. Qe2 Be6 12. Na3 Qc8 13. Nd2 Be7 14. Nb3 c4
15. Nc5 Bf7 16. Rfd1 O-O 17. Nc2 f5 18. f3 Kh8 19. Rd2 fxe4 20. Nxe4 Nd5 21.
Bg5 Nf4 22. Qe3 Bxg5 23. Nxg5 Bd5 24. Qxe5 Qb7 25. Nb4 Rac8 26. Qd6 Qb6+ 27.
Rf2 Qe3 28. Nc2 Ne2+ 29. Kf1 Qxg5 30. Rxe2 Bxf3 31. gxf3 Rxf3+ 32. Rf2 Rxf2+
33. Kxf2 0-1

[Event "ZMD Open"]
[Site "Dresden"]
[Date "????.??.??"]
[Round "?"]
[White "Polak, T."]
[Black "Roesemann, R."]
[Result "1-0"]
[WhiteElo "2544"]
[BlackElo "2207"]
[PlyCount "69"]
[EventDate "2007.07.??"]
[EventType "swiss"]

1. d4 g6 2. c4 Bg7 3. e4 c5 4. d5 d6 5. h3 Nf6 6. Nc3 O-O 7. Nf3 Na6 8. Bd3 Nc7
9. O-O a6 10. a4 b6 11. Bf4 e6 12. dxe6 Nxe6 13. Bh2 Bb7 14. Qd2 Nd4 15. Nxd4
cxd4 16. Nd5 Nxd5 17. exd5 Qc7 18. a5 b5 19. cxb5 axb5 20. Qb4 Rfd8 21. Rfc1
Qe7 22. Re1 Qc7 23. Qxb5 Ba6 24. Qb6 Qxb6 25. axb6 Bb7 26. Rxa8 Bxa8 27. Ba6
Bxd5 28. b7 d3 29. Rd1 Be4 30. f3 Bd4+ 31. Kh1 Bc6 32. Rxd3 Ba7 33. Rc3 Bc5 34.
Bg1 Rb8 35. Bxc5 1-0

[Event "ZMD Open"]
[Site "Dresden"]
[Date "????.??.??"]
[Round "?"]
[White "Heinig, W."]
[Black "Sriram, J."]
[Result "1/2-1/2"]
[WhiteElo "2342"]
[BlackElo "2459"]
[PlyCount "79"]
[EventDate "2007.07.??"]
[EventType "swiss"]

1. d4 Nf6 2. c4 c5 3. Nf3 cxd4 4. Nxd4 e5 5. Nb5 d5 6. cxd5 Bc5 7. e3 O-O 8. a3
a6 9. N5c3 e4 10. Nd2 Bf5 11. b4 Ba7 12. Be2 Qe7 13. Bb2 Rd8 14. g4 Bg6 15. h4
h6 16. Qb3 Nbd7 17. d6 Qxd6 18. g5 hxg5 19. hxg5 Bxe3 20. fxe3 Qg3+ 21. Kf1
Qxg5 22. Nd1 Ne5 23. Bxe5 Qxe5 24. Ra2 Rac8 25. Rc2 Bh5 26. Nf2 Bg6 27. a4 Rxc2
28. Qxc2 Qd6 29. Nc4 Qxb4 30. Ne5 Nd5 31. Nfg4 Qd6 32. Qb3 Qe6 33. Nxg6 Qxg6
34. Qxb7 Qg5 35. Nh6+ gxh6 36. Rg1 Nxe3+ 37. Kf2 Nd1+ 38. Kf1 Ne3+ 39. Kf2 Nd1+
40. Kf1 1/2-1/2

[Event "ZMD Open"]
[Site "Dresden"]
[Date "????.??.??"]
[Round "?"]
[White "Delemarre, J."]
[Black "Schindler, S."]
[Result "1/2-1/2"]
[WhiteElo "2457"]
[BlackElo "2246"]
[PlyCount "39"]
[EventDate "2007.07.??"]
[EventType "swiss"]

1. d4 Nf6 2. c4 e6 3. Nf3 b6 4. a3 Ba6 5. Qc2 Bb7 6. Nc3 c5 7. dxc5 bxc5 8. Bf4
Nh5 9. Bg5 Be7 10. Bxe7 Qxe7 11. e3 O-O 12. Be2 Nf6 13. O-O Nc6 14. Rfd1 Rfd8
15. Ng5 Rab8 16. Rd2 h6 17. Nge4 Nxe4 18. Nxe4 Na5 19. Nd6 Bc6 20. Rb1 1/2-1/2